The top 25 countries with the most Hindus - Statistics

General Stats
  • This quiz has been taken 46 times
  • The average score is 18 of 25
Answers on the Map
Answers color-coded by a green-red scale on the quiz's map according to % correct below.
 
Answer Stats
Answer % Correct
India
100%
Nepal
97%
United Kingdom
95%
Bangladesh
92%
Pakistan
92%
United States
92%
Canada
90%
Australia
87%
Indonesia
87%
Sri Lanka
87%
Bhutan
85%
Malaysia
77%
United Arab Emirates
69%
Oman
67%
Saudi Arabia
67%
South Africa
67%
Bahrain
64%
Kuwait
64%
Qatar
64%
Singapore
64%
Fiji
56%
Guyana
44%
Mauritius
31%
Trinidad and Tobago
28%
Yemen
28%
No matching quizzes found
Score Distribution
Percent of People with Each Score
Percentile by Number Answered
Your Score History
You have not taken this quiz